| Поле | Инд. | ПП | Название | Значение |
|---|---|---|---|---|
| Тип записи | a | |||
| Библиографический уровень | m | |||
| 001 | Контрольный номер | c47d1ae9-cd50-4bc0-84f1-8adc2529d523 | ||
| 005 | Дата корректировки | 20240119104727.1 | ||
| 008 | Кодируемые данные | 990827 d | ||
| 020 | a | ISBN | 5-7464-0295-8 | |
| 040 | a | Служба первич. каталог. | НБ ТвГУ | |
| 041 | 0_ | a | Код языка текста | rus |
| 080 | a | Индекс УДК | 800 | |
| 084 | a | Индекс другой классификации/Индекс ББК | Ш107 | |
| a | Индекс другой классификации/Индекс ББК | Ш102 | ||
| 090 | a | Полочн. индекс | Ш107 | |
| x | Авторский знак | С48 | ||
| c | Каталожный индекс | Ш107 + Ш102 | ||
| 245 | 0_ | a | Заглавие | Словообразование. Стилистика. Текст |
| b | Продолж. заглавия | Номинатив. средства в текстах разных функцион. стилей : Сб. ст. | ||
| c | Ответственность | [Науч. ред. Г.А. Николаев, И. Онхайзер] | ||
| 260 | 0_ | a | Место издания | Казань |
| b | Издательство | Изд-во Казан. ун-та | ||
| c | Дата издания | 1990(1991) | ||
| 300 | a | Объем | 171,[1] с. | |
| b | Иллюстрации/ тип воспроизводства | граф. | ||
| 500 | a | Примечание | Изд. подгот. совместно с ГДР. | |
| 504 | a | Библиография | Библиогр. в конце разд. | |
| 650 | 04 | a | Основная рубрика | Языкознание |
| x | Основная подрубрика | Словообразование | ||
| x | Основная подрубрика | Стилистика | ||
| 650 | 04 | a | Основная рубрика | Текст |
| 653 | 0_ | a | Ключевые слова | Словообразование |
| a | Ключевые слова | Стилистика | ||
| a | Ключевые слова | Текст | ||
| a | Ключевые слова | Текстология | ||
| a | Ключевые слова | Языкознание | ||
| 700 | 1_ | a | Другие авторы | Николаев Г.А. |
| e | Роль лиц | ред. | ||
| 700 | 1_ | a | Другие авторы | Онхайзер И |
| e | Роль лиц | науч. ред. | ||
| 852 | 41 | i | Расстановочный признак | Проверка 2024 |
| 920 | a | Оператор | Семен | |
| 952 | c | Вид литературы | К рн | |
| 954 | a | Дата поступления на обработку | 19990709 | |
| e | Дата перешифровки | 20240119 |